Tekst kolędy "Pójdźmy wszyscy do stajenki" - Statystyki

Ogólne statystyki
  • Ten quiz został rozwiązany 134 razy
  • Średni wynik to 10 z 15
Statystyki odpowiedzi
Tekst % Poprawnych
Pójdźmy wszyscy do {stajenki}
100%
do Jezusa i {Panienki}
99%
Powitajmy {maleńkiego} i Maryję, matkę jego (2x)
97%
Coś się narodził tej nocy, byś nas wyrwał z {czarta} mocy(2x)
89%
wyznajemy Boga w {tobie}
89%
Witaj, Dziecinko w {żłobie}
88%
Od proroków ogłoszony, od {narodów} upragniony(2x)
84%
{Witaj}, Jezu ukochany
84%
od Patriarchów {czekany}
65%
Tyś człowiek i {Bóg} prawdziwy
61%
Raz z ojca przed {wieków} wiekiem, a teraz z matki człowiekiem(2x)
52%
Witaj dwakroć {narodzony}
44%
{Któż} to słyszał takie dziwy?
37%
Witaj Jezu nam {zjawiony}
27%
Ty {łączysz} w boskiej osobie, dwie natury różne w sobie (2x)
10%
Nie znaleziono quizów pasujących do podanych kryteriów
Rozkład punktacji
Procent ludzi z każdym wynikiem
Percentyl według liczby udzielonych odpowiedzi
Twoja historia wyników
Nie rozwiązałeś tego quizu